[Event "28. Schweinfurt Open"]
[Site "Schweinfurt"]
[Date "2018.05.31"]
[Round "1.1"]
[White "Seuffert, Gabriel"]
[Black "Voelker, Joachim"]
[Result "1-0"]
[WhiteElo "2313"]
[BlackElo "1749"]
[PlyCount "29"]
[EventDate "2018.06.??"]
[EventType "swiss"]
[EventRounds "7"]
[EventCountry "GER"]
[WhiteTeam "SK Schweinfurt 2000"]
[BlackTeam "SK Schweinfurt 2000"]

1. c4 e6 2. g3 d5 3. Bg2 c5 4. cxd5 exd5 5. Nf3 Nc6 6. O-O Be7 7. d4 Nf6 8.
dxc5 Bxc5 9. Qc2 Be7 10. Rd1 O-O 11. Nc3 Nb4 12. Qb3 a5 13. a3 a4 14. Nxa4 Qa5
15. axb4 1-0

[Event "28. Schweinfurt Open"]
[Site "Schweinfurt"]
[Date "2018.05.31"]
[Round "1.2"]
[White "Scheifele, Paul"]
[Black "Bussard, Christian"]
[Result "0-1"]
[WhiteElo "1736"]
[BlackElo "2255"]
[PlyCount "128"]
[EventDate "2018.06.??"]
[EventType "swiss"]
[EventRounds "7"]
[EventCountry "GER"]
[WhiteTeam "AB-Schweinheim"]
[BlackTeam "SG Niederkassel"]

1. e3 e5 2. d4 exd4 3. Qxd4 Nc6 4. Qd1 Nf6 5. b3 g6 6. Bb2 Bg7 7. c4 d6 8. Nf3
O-O 9. Nc3 Bf5 10. Bd3 Ne4 11. Bxe4 Bxe4 12. Qe2 Bf5 13. Nd5 Ne5 14. Nxe5 dxe5
15. Rd1 c6 16. Nc3 Qe7 17. e4 Be6 18. O-O Rfd8 19. Qe3 b6 20. Qg3 Rd4 21. f3
Rad8 22. h3 h5 23. Rfe1 Qf6 24. Bc1 Qe7 25. Bb2 Bf6 26. Rf1 Bc8 27. Qf2 Bg5 28.
Qe2 Rd2 29. Nd5 R8xd5 30. Rxd2 Rxd2 31. Qe1 Rxb2 32. Qa1 Rd2 33. Rd1 Be3+ 34.
Kh1 Bd4 35. Qb1 Rxg2 36. Kxg2 Qg5+ 37. Kh1 Qg3 38. Rxd4 Qxf3+ 39. Kg1 exd4 40.
Qf1 Qe3+ 41. Kh2 Qxh3+ 42. Qxh3 Bxh3 43. Kxh3 f6 44. Kg3 c5 45. Kf3 Kf7 46. Ke2
Ke6 47. Kd3 Ke5 48. Ke2 Kxe4 49. Kf2 g5 50. Ke2 f5 51. Kd2 h4 52. Kc2 g4 53.
Kb2 f4 54. Ka3 d3 55. Ka4 a6 56. b4 d2 57. bxc5 d1=Q+ 58. Kb4 Qb1+ 59. Ka3 a5
60. cxb6 Qxb6 61. c5 Qb5 62. c6 h3 63. c7 h2 64. c8=Q Qb4# 0-1

[Event "28. Schweinfurt Open"]
[Site "Schweinfurt"]
[Date "2018.05.31"]
[Round "1.3"]
[White "Schmid, Michael"]
[Black "Brodt, Andreas"]
[Result "1-0"]
[WhiteElo "2191"]
[BlackElo "1728"]
[PlyCount "62"]
[EventDate "2018.06.??"]
[EventType "swiss"]
[EventRounds "7"]
[EventCountry "GER"]
[WhiteTeam "SC Bad Königshofen 1957"]
[BlackTeam "SK Schweinfurt 2000"]

1. e4 c5 2. c3 Nc6 3. d4 cxd4 4. cxd4 d5 5. exd5 Qxd5 6. Nf3 Bg4 7. Be2 e6 8.
Nc3 Bb4 9. O-O Bxc3 10. bxc3 Nge7 11. c4 Qe4 12. h3 Bxf3 13. Bxf3 Qxd4 14. Qxd4
Nxd4 15. Bxb7 Rb8 16. Be4 Ne2+ 17. Kh2 Nxc1 18. Rfxc1 O-O 19. Rab1 Rfc8 20. Rb3
f5 21. Bb7 Rc7 22. Bd5 Rd8 23. Bxe6+ Kf8 24. Rcb1 g6 25. Rb7 Rc6 26. Rb8 Rxb8
27. Rxb8+ Kg7 28. Bd5 Nxd5 29. cxd5 Rb6 30. Rc8 Rb7 31. d6 Rf7 1-0

[Event "28. Schweinfurt Open"]
[Site "Schweinfurt"]
[Date "2018.05.31"]
[Round "1.4"]
[White "Bardorz, Stefan"]
[Black "Seidens, Udo"]
[Result "0-1"]
[WhiteElo "1714"]
[BlackElo "2169"]
[PlyCount "42"]
[EventDate "2018.06.??"]
[EventType "swiss"]
[EventRounds "7"]
[EventCountry "GER"]
[WhiteTeam "TSV 1869 Rottendorf"]
[BlackTeam "SK Schweinfurt 2000"]

1. c4 Nf6 2. g3 c6 3. Bg2 d5 4. b3 Bf5 5. d3 e6 6. Bb2 Be7 7. Nf3 Nbd7 8. O-O
a5 9. Nc3 O-O 10. Qd2 h6 11. a3 Qb6 12. Qd1 Nc5 13. Nd2 dxc4 14. dxc4 Rfd8 15.
Ra2 Rd7 16. Bc1 Rad8 17. Rb2 Nfe4 18. Ncxe4 Nxe4 19. Bxe4 Bxe4 20. Ra2 Bf6 21.
e3 Bb1 0-1

[Event "28. Schweinfurt Open"]
[Site "Schweinfurt"]
[Date "2018.05.31"]
[Round "1.5"]
[White "Hofstetter, Hans-Joachim"]
[Black "Braetz, Yannick"]
[Result "1-0"]
[WhiteElo "2161"]
[BlackElo "1685"]
[PlyCount "121"]
[EventDate "2018.06.??"]
[EventType "swiss"]
[EventRounds "7"]
[EventCountry "GER"]
[WhiteTeam "SK 1933 Bad Neustadt"]
[BlackTeam "SK Schweinfurt 2000"]

1. e4 e5 2. Nf3 Nc6 3. Bb5 Nf6 4. d3 Bc5 5. c3 d6 6. Nbd2 Bd7 7. b4 Bb6 8. Nc4
Ne7 9. Nxb6 axb6 10. Bc4 Be6 11. Bxe6 fxe6 12. Qb3 Qd7 13. Ng5 d5 14. O-O h6
15. Nf3 Ng6 16. Re1 O-O 17. exd5 exd5 18. Nxe5 Nxe5 19. Rxe5 Rfe8 20. Bf4 b5
21. h3 c6 22. Rae1 Qf7 23. Rxe8+ Rxe8 24. Rxe8+ Qxe8 25. Be3 Nd7 26. c4 dxc4
27. dxc4 Qe6 28. cxb5 Qxb3 29. axb3 cxb5 30. f4 Kf7 31. Kf2 h5 32. Bd4 g6 33.
Kf3 Nb8 34. g4 hxg4+ 35. hxg4 Nc6 36. Bc3 Ke6 37. Ke4 Ne7 38. Bd2 Nc6 39. f5+
gxf5+ 40. gxf5+ Kf7 41. Bc3 Ke7 42. Kd5 Kd7 43. f6 Nd8 44. Kc5 Ke8 45. Kd6 Kf7
46. Kd7 Ne6 47. Be5 Nf8+ 48. Kc7 Ng6 49. Bd4 Nf4 50. Kxb7 Nd5 51. Kc6 Nxb4+ 52.
Kxb5 Nd5 53. Kc5 Nc7 54. Be5 Ne6+ 55. Kd6 Nd8 56. b4 Ke8 57. b5 Nf7+ 58. Kd5
Kd7 59. b6 Nd8 60. Bd6 Kc8 61. Bc7 1-0

[Event "28. Schweinfurt Open"]
[Site "Schweinfurt"]
[Date "2018.05.31"]
[Round "1.6"]
[White "Bardorz, Jana"]
[Black "Amtmann, Florian"]
[Result "1-0"]
[WhiteElo "1622"]
[BlackElo "2124"]
[PlyCount "85"]
[EventDate "2018.06.??"]
[EventType "swiss"]
[EventRounds "7"]
[EventCountry "GER"]
[WhiteTeam "TSV 1869 Rottendorf"]
[BlackTeam "Spvgg 1946 Stetten"]

1. e4 e5 2. Nf3 Nc6 3. Nc3 Nf6 4. Bb5 d6 5. d4 exd4 6. Qxd4 Bd7 7. Bxc6 Bxc6 8.
O-O Be7 9. Re1 O-O 10. Bg5 h6 11. Bh4 Re8 12. Rad1 b6 13. Qc4 Qd7 14. Ne5 dxe5
15. Rxd7 Bxd7 16. Qxc7 Bd8 17. Qb7 Rc8 18. Bxf6 Rc7 19. Qb8 gxf6 20. Rd1 a5 21.
h3 Rc8 22. Qd6 Be6 23. Qd3 Kh7 24. Nd5 Rg8 25. c4 Rg5 26. b3 Kg7 27. Qe3 Rc5
28. Kh2 f5 29. exf5 Rxf5 30. g4 Rg5 31. Nc3 Rc8 32. Ne4 Rg6 33. Nd6 Bg5 34.
Qxe5+ Rf6 35. Rd4 Rc5 36. Qe2 Bf4+ 37. Kg2 Re5 38. Qf3 Be3 39. Ne8+ Kf8 40.
Qxf6 Bxd4 41. Qd8 Bc5 42. Nf6+ Kg7 43. Qg8+ 1-0

[Event "28. Schweinfurt Open"]
[Site "Schweinfurt"]
[Date "2018.05.31"]
[Round "1.7"]
[White "Kuhn, Norbert"]
[Black "Koehler, Michael"]
[Result "1-0"]
[WhiteElo "2076"]
[BlackElo "1603"]
[PlyCount "49"]
[EventDate "2018.06.??"]
[EventType "swiss"]
[EventRounds "7"]
[EventCountry "GER"]
[WhiteTeam "SV Würzburg von 1865"]
[BlackTeam "SC Prichsenstadt"]

1. e4 e6 2. d4 d5 3. Nc3 Nf6 4. Bg5 Be7 5. e5 Nfd7 6. Bxe7 Qxe7 7. f4 O-O 8.
Nf3 c5 9. Nb5 Nc6 10. c3 a6 11. Nd6 f6 12. Bd3 cxd4 13. cxd4 fxe5 14. fxe5 Rxf3
15. Qxf3 Nxd4 16. Bxh7+ Kxh7 17. Qh5+ Kg8 18. O-O Nf5 19. Rae1 Nc5 20. g4 Nxd6
21. exd6 Qd7 22. Rf8+ Kxf8 23. Qh8+ Kf7 24. Rf1+ Kg6 25. Qh5# 1-0

[Event "28. Schweinfurt Open"]
[Site "Schweinfurt"]
[Date "2018.05.31"]
[Round "1.8"]
[White "Weineck, Ekkehard"]
[Black "Schmitz, Wolfgang"]
[Result "0-1"]
[WhiteElo "1594"]
[BlackElo "2046"]
[PlyCount "118"]
[EventDate "2018.06.??"]
[EventType "swiss"]
[EventRounds "7"]
[EventCountry "GER"]
[WhiteTeam "SV Würzburg von 1865"]
[BlackTeam "SC Prichsenstadt"]

1. e4 e5 2. Nf3 d6 3. Bc4 Nf6 4. d3 Be7 5. O-O Nc6 6. Re1 Bg4 7. Be3 O-O 8. c3
Qd7 9. Nbd2 Na5 10. Bb3 Nxb3 11. Qxb3 a5 12. Qc2 c5 13. d4 cxd4 14. cxd4 Rfc8
15. Qd3 Rc7 16. dxe5 dxe5 17. Nxe5 Qxd3 18. Nxd3 Rd8 19. Rac1 Rxc1 20. Nxc1 Bb4
21. f3 Bxd2 22. Bxd2 Rxd2 23. fxg4 Rxb2 24. g5 Nh5 25. Re2 Rb1 26. Rc2 Kf8 27.
g3 g6 28. Kf2 Ng7 29. Nb3 a4 30. Nc5 a3 31. Ke3 Ke7 32. Rd2 Rb2 33. Na4 Rb4 34.
Rd4 Rxd4 35. Kxd4 Ne6+ 36. Kd5 Nxg5 37. Nb6 h5 38. Nc4 Nf3 39. h4 Ng1 40. Ne3
Ne2 41. Nf1 Nc3+ 42. Kc4 Nxe4 43. Kb3 Ke6 44. Kxa3 f6 45. Kb3 g5 46. hxg5 fxg5
47. Kc4 Ke5 48. a4 Nxg3 49. Nxg3 h4 50. Nh1 g4 51. Nf2 Kf4 52. Kb5 Kf3 53. a5
Kxf2 54. Kb6 h3 55. Kxb7 h2 56. a6 h1=Q+ 57. Kb8 Qc6 58. a7 g3 59. a8=Q Qxa8+
0-1

[Event "28. Schweinfurt Open"]
[Site "Schweinfurt"]
[Date "2018.05.31"]
[Round "1.9"]
[White "von Zimmermann, Georg"]
[Black "Roth, Ludwig"]
[Result "1-0"]
[WhiteElo "2034"]
[BlackElo "1578"]
[PlyCount "61"]
[EventDate "2018.06.??"]
[EventType "swiss"]
[EventRounds "7"]
[EventCountry "GER"]
[WhiteTeam "MSA Zugzwang 82"]
[BlackTeam "Spvgg 1946 Stetten"]

1. e4 d6 2. d4 Nf6 3. Nc3 g6 4. Bg5 Bg7 5. Qd2 O-O 6. O-O-O c6 7. h4 b5 8. f3
Qa5 9. Bh6 b4 10. Nb1 Bxh6 11. Qxh6 Qxa2 12. h5 b3 13. hxg6 fxg6 14. Bc4+ d5
15. Bxb3 Qa5 16. e5 Rf7 17. exf6 exf6 18. Ne2 Nd7 19. Qe3 Ba6 20. Nf4 Qb4 21.
Nxg6 Rb8 22. Qe6 Nf8 23. Nxf8 Kxf8 24. Qxc6 Bc4 25. Nd2 Rbb7 26. Nxc4 dxc4 27.
Qxc4 Qa5 28. Qc5+ Qxc5 29. dxc5 Rfc7 30. c6 Rxc6 31. Bd5 1-0

[Event "28. Schweinfurt Open"]
[Site "Schweinfurt"]
[Date "2018.05.31"]
[Round "1.10"]
[White "Grasmik, Waldemar"]
[Black "Gehrig, Thomas"]
[Result "0-1"]
[WhiteElo "1557"]
[BlackElo "2022"]
[PlyCount "86"]
[EventDate "2018.06.??"]
[EventType "swiss"]
[EventRounds "7"]
[EventCountry "GER"]
[WhiteTeam "(vls) Bad Kissingen"]
[BlackTeam "SC Maßbach 1951"]

1. e4 d6 2. d4 Nf6 3. Bd3 e5 4. c3 c6 5. h4 Qb6 6. Nf3 Bg4 7. Qc2 Nbd7 8. Be3
Qc7 9. Nbd2 Be7 10. a3 h6 11. Nh2 Be6 12. g4 Bxg4 13. Nxg4 Nxg4 14. O-O-O Nxe3
15. fxe3 O-O-O 16. Nf3 Bf6 17. Bc4 Nb6 18. Bf1 Kb8 19. d5 c5 20. Kb1 Qe7 21.
Qf2 g5 22. hxg5 hxg5 23. Rxh8 Rxh8 24. Qg2 Qd7 25. Nxg5 Rg8 26. Qh3 Rxg5 27.
Qxd7 Nxd7 28. Bh3 Kc7 29. Bf5 Nb6 30. b3 c4 31. Rh1 cxb3 32. Kb2 Nc4+ 33. Kxb3
Nxe3 34. Rh7 Bg7 35. Rh3 Nxf5 36. exf5 Rxf5 37. Rh7 Rg5 38. c4 f5 39. Kb4 Kb6
40. a4 a5+ 41. Kb3 Kc5 42. Rh3 f4 43. Rf3 Rg3 0-1

[Event "28. Schweinfurt Open"]
[Site "Schweinfurt"]
[Date "2018.05.31"]
[Round "1.11"]
[White "Neubauer, Jaroslaus"]
[Black "Nicola, Marius"]
[Result "1-0"]
[WhiteElo "2020"]
[BlackElo "1517"]
[PlyCount "37"]
[EventDate "2018.06.??"]
[EventType "swiss"]
[EventRounds "7"]
[EventCountry "GER"]
[WhiteTeam "SK Schweinfurt 2000"]
[BlackTeam "SK Schweinfurt 2000"]

1. e4 e6 2. d4 d5 3. e5 c5 4. c3 Nc6 5. Nf3 Bd7 6. Be2 Nge7 7. Na3 cxd4 8. cxd4
Nf5 9. Nc2 Be7 10. g3 Qb6 11. O-O O-O-O 12. Rb1 Rdg8 13. b4 f6 14. a4 Nd8 15.
a5 Qc7 16. Ne3 Nf7 17. Nxf5 exf5 18. Bf4 Qd8 19. Qc2+ 1-0

[Event "28. Schweinfurt Open"]
[Site "Schweinfurt"]
[Date "2018.05.31"]
[Round "1.12"]
[White "Reichert, Josef"]
[Black "Maar, Samuel"]
[Result "0-1"]
[WhiteElo "1508"]
[BlackElo "1992"]
[PlyCount "58"]
[EventDate "2018.06.??"]
[EventType "swiss"]
[EventRounds "7"]
[EventCountry "GER"]
[WhiteTeam "SC Maßbach 1951"]
[BlackTeam "Sfr. Bad Emstal/Wolfhagen"]

1. d4 Nf6 2. c4 g6 3. Nc3 Bg7 4. e4 d6 5. f3 O-O 6. Be3 Nc6 7. Nge2 e6 8. Qd2
d5 9. cxd5 exd5 10. e5 Ne8 11. Nf4 Ne7 12. g4 f6 13. O-O-O fxe5 14. dxe5 c6 15.
Bd4 Qc7 16. Kb1 Bxe5 17. Bxe5 Qxe5 18. Nd3 Qf6 19. Bg2 Nd6 20. b3 d4 21. Ne4
Nxe4 22. fxe4 Bxg4 23. Rdf1 Qe6 24. Nf4 Qd6 25. Nd3 Kg7 26. h3 Be6 27. e5 Qc7
28. Nc5 Qxe5 29. Qxd4 Bf5+ 0-1

[Event "28. Schweinfurt Open"]
[Site "Schweinfurt"]
[Date "2018.05.31"]
[Round "1.13"]
[White "Wiener, Horst"]
[Black "Loew, Leonid"]
[Result "1-0"]
[WhiteElo "1941"]
[BlackElo "1382"]
[PlyCount "73"]
[EventDate "2018.06.??"]
[EventType "swiss"]
[EventRounds "7"]
[EventCountry "GER"]
[WhiteTeam "SK Schweinfurt 2000"]
[BlackTeam "Allersberger SC 2000"]

1. e4 e5 2. Nf3 Nc6 3. Bc4 Nf6 4. O-O Bc5 5. c3 Nxe4 6. Bd5 Nxf2 7. Rxf2 Bxf2+
8. Kxf2 d6 9. d4 Qe7 10. Qe2 Bg4 11. Bxc6+ bxc6 12. dxe5 Bxf3 13. Qxf3 Qh4+ 14.
Qg3 Qxg3+ 15. Kxg3 dxe5 16. Nd2 O-O-O 17. Nf3 Rd3 18. Kf2 f6 19. Be3 Kb7 20.
Ke2 Rhd8 21. a4 a5 22. Rg1 g5 23. h3 h5 24. g4 h4 25. Rf1 R3d7 26. Nd2 Rf7 27.
Ne4 c5 28. Nxc5+ Kc6 29. Ne4 Rdf8 30. Bc5 Rd8 31. b4 Kd5 32. Nxg5 Rg7 33. Rd1+
Kc4 34. Rxd8 fxg5 35. Bf8 Rf7 36. bxa5 Kxc3 37. a6 1-0

[Event "28. Schweinfurt Open"]
[Site "Schweinfurt"]
[Date "2018.05.31"]
[Round "1.14"]
[White "Mirring, Patrick"]
[Black "Krenz, Dieter"]
[Result "1/2-1/2"]
[WhiteElo "1375"]
[BlackElo "1907"]
[PlyCount "109"]
[EventDate "2018.06.??"]
[EventType "swiss"]
[EventRounds "7"]
[EventCountry "GER"]
[WhiteTeam "SK 79 Arnstein"]
[BlackTeam "SC Prichsenstadt"]

1. e4 Nf6 2. Nc3 d5 3. e5 d4 4. exf6 dxc3 5. bxc3 exf6 6. Nf3 Bd6 7. Bc4 O-O 8.
O-O Bg4 9. Be2 Nd7 10. Bb2 Re8 11. Nd4 Bxe2 12. Nxe2 Ne5 13. d3 c6 14. h3 Bc7
15. Ng3 Qd6 16. Qh5 Rad8 17. Rab1 Ng6 18. Rfe1 Nf4 19. Qf3 Re5 20. c4 Ra5 21.
a3 Ng6 22. Re4 Rg5 23. Rbe1 h6 24. Re8+ Rxe8 25. Rxe8+ Kh7 26. Re4 Qc5 27. Qe3
Qxe3 28. Rxe3 f5 29. Ne2 f4 30. Re4 f3 31. Ng3 Bxg3 32. fxg3 Rxg3 33. Rg4 Rxg4
34. hxg4 fxg2 35. Kxg2 Nf4+ 36. Kf3 Ne6 37. Ke4 Kg6 38. Bc1 Kf6 39. Be3 a6 40.
a4 Ke7 41. d4 Kd6 42. c5+ Ke7 43. c4 Ng5+ 44. Ke5 Nf3+ 45. Kf4 Ne1 46. Ke4 Ke6
47. d5+ Kd7 48. Bd2 Ng2 49. Bc3 g6 50. Kf3 Nh4+ 51. Kg3 g5 52. Bg7 Ng6 53. Bxh6
f6 54. Bg7 Ke7 55. d6+ 1/2-1/2

[Event "28. Schweinfurt Open"]
[Site "Schweinfurt"]
[Date "2018.05.31"]
[Round "1.15"]
[White "Roth, Jakob"]
[Black "Dehmel, Manfred"]
[Result "1-0"]
[WhiteElo "1898"]
[BlackElo "1222"]
[PlyCount "47"]
[EventDate "2018.06.??"]
[EventType "swiss"]
[EventRounds "7"]
[EventCountry "GER"]
[WhiteTeam "Spvgg 1946 Stetten"]
[BlackTeam "SC KS Alzenau"]

1. d4 d5 2. c4 b6 3. cxd5 Bb7 4. e4 Nf6 5. Nc3 Ba6 6. Bxa6 Nxa6 7. Qa4+ Nd7 8.
Qxa6 g6 9. Nf3 Bg7 10. e5 h6 11. Qd3 O-O 12. e6 Kh7 13. exd7 Qxd7 14. Ne5 Bxe5
15. dxe5 Qg4 16. Qh3 h5 17. Qxg4 hxg4 18. Bf4 e6 19. Ne4 exd5 20. Nf6+ Kg7 21.
Nxd5 Rac8 22. Bg5 c6 23. Bf6+ Kg8 24. Ne7+ 1-0

[Event "28. Schweinfurt Open"]
[Site "Schweinfurt"]
[Date "2018.05.31"]
[Round "1.16"]
[White "Gerhard, Georg"]
[Black "Orf, Niklas"]
[Result "0-1"]
[WhiteElo "1203"]
[BlackElo "1893"]
[PlyCount "66"]
[EventDate "2018.06.??"]
[EventType "swiss"]
[EventRounds "7"]
[EventCountry "GER"]
[WhiteTeam "TSV 1895 Karlburg"]
[BlackTeam "SK 1933 Bad Neustadt"]

1. e4 d6 2. d4 Nf6 3. Nc3 Nbd7 4. f4 e5 5. Nf3 exd4 6. Nxd4 g6 7. Bd3 Nc5 8. h3
Bg7 9. Be3 Qe7 10. Qf3 O-O 11. b4 Ncxe4 12. Nxe4 Nxe4 13. O-O f5 14. Rae1 d5
15. a3 a5 16. Rb1 axb4 17. axb4 Ra4 18. g4 Rxb4 19. Rxb4 Qxb4 20. Ne2 c5 21. c3
Qa5 22. Bxe4 dxe4 23. Qg3 Bxc3 24. Rc1 Bb4 25. g5 b6 26. Kf2 Bd2 27. Rh1 Rd8
28. h4 Bxe3+ 29. Qxe3 Rd3 30. Qc1 Ba6 31. Qb2 Rd2 32. Qe5 Rxe2+ 33. Kg3 Qa3+
0-1

[Event "28. Schweinfurt Open"]
[Site "Schweinfurt"]
[Date "2018.05.31"]
[Round "1.17"]
[White "Kwossek, Martin"]
[Black "Reichert, Claudia"]
[Result "1-0"]
[WhiteElo "1875"]
[BlackElo "1190"]
[PlyCount "99"]
[EventDate "2018.06.??"]
[EventType "swiss"]
[EventRounds "7"]
[EventCountry "GER"]
[WhiteTeam "SC Kitzingen von 1905"]
[BlackTeam "DT Münnerstadt"]

1. d4 d5 2. Nf3 Nc6 3. Bf4 Bf5 4. e3 Nb4 5. Na3 e6 6. c3 Nc6 7. Nb5 Bd6 8.
Nxd6+ cxd6 9. Bd3 Bxd3 10. Qxd3 h6 11. O-O Nf6 12. h3 Qe7 13. Nd2 e5 14. Bg3
O-O 15. Rac1 a6 16. a3 Nh5 17. Bh2 Rad8 18. Rfe1 Qg5 19. c4 dxc4 20. Rxc4 d5
21. Rc5 Nf6 22. dxe5 Nxe5 23. Bxe5 Qxe5 24. Qb3 Qe7 25. Rec1 Rd7 26. Qd3 Ne4
27. Rxd5 Rxd5 28. Qxd5 Nxd2 29. Qxd2 Rd8 30. Qc3 Rd6 31. Qc8+ Kh7 32. Qc7 Rd1+
33. Kh2 Rd7 34. Qc2+ g6 35. b4 Qe5+ 36. g3 h5 37. h4 Qe6 38. Qb2 Qf5 39. Rc8 f6
40. Qa2 Rg7 41. Rc5 Qf3 42. Rc4 g5 43. Qc2+ Kh6 44. Rc8 f5 45. hxg5+ Kxg5 46.
Qd2 Rd7 47. Qb2 Rf7 48. Rg8+ Kh6 49. Qh8+ Rh7 50. Qf6# 1-0

[Event "28. Schweinfurt Open"]
[Site "Schweinfurt"]
[Date "2018.05.31"]
[Round "1.18"]
[White "Seelmann, Noah"]
[Black "Heiduk, Christoph"]
[Result "0-1"]
[WhiteElo "1133"]
[BlackElo "1835"]
[PlyCount "62"]
[EventDate "2018.06.??"]
[EventType "swiss"]
[EventRounds "7"]
[EventCountry "GER"]
[WhiteTeam "SF Zeiler Turm"]
[BlackTeam "SC Bayerwald Regen/Zwiesel e.V."]

1. e4 c5 2. Nf3 Nc6 3. d4 cxd4 4. Nxd4 e5 5. Nf3 Nf6 6. Nc3 Bb4 7. Bg5 Bxc3+ 8.
bxc3 Qa5 9. Qd3 Nxe4 10. Bd2 Nxd2 11. Qxd2 d5 12. Be2 O-O 13. O-O h6 14. Rad1
Be6 15. Nh4 Rac8 16. f4 d4 17. f5 dxc3 18. Qe3 Bxa2 19. f6 Qb6 20. Qxb6 axb6
21. fxg7 Rfd8 22. Bd3 Nd4 23. g4 Kxg7 24. Rf2 Bd5 25. Rdf1 Rc7 26. Rf6 e4 27.
Bb5 Nxb5 28. Nf5+ Kxf6 29. Nd6+ Kg6 30. Nxb5 Rc5 31. Nd4 Bc4 0-1

[Event "28. Schweinfurt Open"]
[Site "Schweinfurt"]
[Date "2018.05.31"]
[Round "1.19"]
[White "Milovanovic, Milos"]
[Black "Roth, Claudia"]
[Result "1-0"]
[WhiteElo "1829"]
[BlackElo "1092"]
[PlyCount "35"]
[EventDate "2018.06.??"]
[EventType "swiss"]
[EventRounds "7"]
[EventCountry "GER"]
[WhiteTeam "SF Gottmadingen"]
[BlackTeam "Spvgg 1946 Stetten"]

1. e4 e5 2. Nf3 Nc6 3. Bb5 Nf6 4. d3 a6 5. Bxc6 bxc6 6. Nxe5 c5 7. O-O Be7 8.
Nc3 c6 9. Be3 d6 10. Nxc6 Qb6 11. Nxe7 Kxe7 12. Rb1 Qb7 13. Bg5 Re8 14. Nd5+
Ke6 15. Bxf6 gxf6 16. Qg4+ Ke5 17. Qf4+ Ke6 18. Qf5# 1-0

[Event "28. Schweinfurt Open"]
[Site "Schweinfurt"]
[Date "2018.05.31"]
[Round "1.20"]
[White "Chen, Jiwei"]
[Black "Hohner, Karl-Heinz"]
[Result "0-1"]
[WhiteElo "1018"]
[BlackElo "1806"]
[PlyCount "22"]
[EventDate "2018.06.??"]
[EventType "swiss"]
[EventRounds "7"]
[EventCountry "GER"]
[WhiteTeam "SK Schweinfurt 2000"]
[BlackTeam "(vls) Kronach"]

1. e4 c5 2. Nf3 a6 3. d4 cxd4 4. Nxd4 Nf6 5. Nc3 e5 6. Nb3 Bb4 7. Bd2 O-O 8. a3
Bxc3 9. Bxc3 Nxe4 10. Bxe5 Re8 11. Qd4 Nc6 0-1

[Event "28. Schweinfurt Open"]
[Site "Schweinfurt"]
[Date "2018.05.31"]
[Round "1.21"]
[White "Baumgaertner, Frank"]
[Black "Scheifele, Jan"]
[Result "1-0"]
[WhiteElo "1790"]
[BlackElo "1004"]
[PlyCount "53"]
[EventDate "2018.06.??"]
[EventType "swiss"]
[EventRounds "7"]
[EventCountry "GER"]
[WhiteTeam "Kronacher SK 1882"]
[BlackTeam "AB-Schweinheim"]

1. d4 d5 2. Bf4 Bf5 3. e3 e6 4. Bd3 Bxd3 5. Qxd3 Bd6 6. Qb5+ Qd7 7. Qxb7 Qc6 8.
Qc8+ Ke7 9. Bxd6+ Qxd6 10. Qb7 Qc6 11. Qb4+ Kd7 12. Nf3 Qxc2 13. Ne5+ Ke8 14.
Na3 Qe4 15. Qb7 Qxg2 16. O-O-O Qxf2 17. Qc8+ Ke7 18. Qxc7+ Ke8 19. Qc8+ Ke7 20.
Qb7+ Ke8 21. Qxa8 Qxe3+ 22. Kb1 Qe4+ 23. Ka1 g6 24. Qxb8+ Ke7 25. Qxa7+ Ke8 26.
Qxf7+ Kd8 27. Qd7# 1-0

[Event "28. Schweinfurt Open"]
[Site "Schweinfurt"]
[Date "2018.05.31"]
[Round "1.22"]
[White "Kiesel, Jannik"]
[Black "Drewes, Thomas"]
[Result "1/2-1/2"]
[WhiteElo "997"]
[BlackElo "1770"]
[PlyCount "55"]
[EventDate "2018.06.??"]
[EventType "swiss"]
[EventRounds "7"]
[EventCountry "GER"]
[WhiteTeam "DT Münnerstadt"]
[BlackTeam "SV Würzburg von 1865"]

1. e4 e5 2. Bc4 Nf6 3. d4 exd4 4. Nf3 d5 5. exd5 Nxd5 6. Nxd4 c6 7. O-O Be7 8.
Re1 O-O 9. Bxd5 cxd5 10. Nc3 Bf6 11. Be3 Nc6 12. h3 a6 13. Qd2 Ne7 14. Rad1 b5
15. Nf3 Bb7 16. a3 Rc8 17. Bd4 Rc6 18. Bxf6 Rxf6 19. Qd3 h6 20. Nd4 Qc7 21. Qd2
Rd8 22. Qe3 Nc6 23. Nxc6 Bxc6 24. Rd4 Re6 25. Qd2 Rxe1+ 26. Qxe1 Re8 27. Qd2
Qe5 28. Nxd5 1/2-1/2

[Event "28. Schweinfurt Open"]
[Site "Schweinfurt"]
[Date "2018.05.31"]
[Round "1.23"]
[White "Blank, Stefan"]
[Black "Seelmann, David"]
[Result "1-0"]
[WhiteElo "1766"]
[BlackElo "958"]
[PlyCount "69"]
[EventDate "2018.06.??"]
[EventType "swiss"]
[EventRounds "7"]
[EventCountry "GER"]
[WhiteTeam "SC Sulzbach"]
[BlackTeam "SF Zeiler Turm"]

1. e4 e5 2. Nf3 Nc6 3. d3 h6 4. Be2 Nf6 5. O-O Bc5 6. c3 d6 7. b4 Bb6 8. a4 a5
9. b5 Na7 10. Qc2 c6 11. d4 Qe7 12. dxe5 dxe5 13. Na3 O-O 14. Nc4 Bc7 15. b6
Bd6 16. Nxd6 Qxd6 17. Ba3 c5 18. bxa7 Rxa7 19. Rfd1 Qe7 20. Qd3 b6 21. Nh4 Qe8
22. Qe3 Ng4 23. Bxg4 Bxg4 24. f3 Be6 25. Qe2 Qe7 26. Nf5 Bxf5 27. exf5 Rd7 28.
Qb2 Rxd1+ 29. Rxd1 Rd8 30. Rb1 Rb8 31. Qb5 Rc8 32. Qxb6 e4 33. Qb7 Rc7 34. Qa8+
Kh7 35. Qxe4 1-0

[Event "28. Schweinfurt Open"]
[Site "Schweinfurt"]
[Date "2018.05.31"]
[Round "1.24"]
[White "Gerhard, Philipp"]
[Black "Brux, Juergen"]
[Result "0-1"]
[WhiteElo "892"]
[BlackElo "1757"]
[PlyCount "46"]
[EventDate "2018.06.??"]
[EventType "swiss"]
[EventRounds "7"]
[EventCountry "GER"]
[WhiteTeam "TSV 1895 Karlburg"]
[BlackTeam "DT Münnerstadt"]

1. e4 c5 2. Nf3 d6 3. Bc4 Nf6 4. O-O Nxe4 5. d3 Nf6 6. Re1 g6 7. Bg5 Nbd7 8.
Nc3 Bg7 9. Bxf6 Nxf6 10. Ng5 e6 11. Nxe6 fxe6 12. Bxe6 Bxe6 13. Rxe6+ Kf7 14.
Qe2 Re8 15. Rxe8 Qxe8 16. Qxe8+ Rxe8 17. g3 a6 18. Ne4 Nxe4 19. dxe4 Rxe4 20.
Rd1 Ke6 21. Kf1 Bxb2 22. Re1 Rxe1+ 23. Kxe1 Bg7 0-1

[Event "28. Schweinfurt Open"]
[Site "Schweinfurt"]
[Date "2018.05.31"]
[Round "2.1"]
[White "Wiener, Horst"]
[Black "Seuffert, Gabriel"]
[Result "0-1"]
[WhiteElo "1941"]
[BlackElo "2313"]
[PlyCount "50"]
[EventDate "2018.06.??"]
[EventType "swiss"]
[EventRounds "7"]
[EventCountry "GER"]
[WhiteTeam "SK Schweinfurt 2000"]
[BlackTeam "SK Schweinfurt 2000"]

1. d4 Nf6 2. Bf4 c5 3. e3 g6 4. Nd2 Bg7 5. Ngf3 O-O 6. Be2 d6 7. h3 Nc6 8. c3
cxd4 9. cxd4 e5 10. dxe5 dxe5 11. Nxe5 Nd5 12. Nxc6 bxc6 13. Nc4 Nxf4 14. exf4
Qh4 15. g3 Qe7 16. Qd3 Re8 17. Kf1 Bf8 18. Qe3 Qb4 19. Qb3 Qc5 20. Re1 Rb8 21.
Qa3 Qd5 22. Rh2 Rxe2 23. Ne3 Rxe1+ 24. Kxe1 Qe4 25. b3 Qd3 0-1